Statistics for 2021 F1 Pole, Podiums, FL, Fastest Pit Stop

Click here to take the quiz!

General Stats

  • This quiz has been taken 866 times
  • The average score is 18 of 19

Answer Stats

Answer% Correct
Lewis Hamilton
100%
Max Verstappen
100%
Charles Leclerc
99%
Lando Norris
99%
Carlos Sainz
98%
Sergio Perez
98%
Valtteri Bottas
98%
Sebastian Vettel
97%
Daniel Ricciardo
96%
Estaban Ocon
95%
Pierre Gasly
94%
Fernando Alonso
92%
Red Bull
91%
Ferrari
90%
Mclaren
90%
Mercedes
89%
Geroge Russell
88%
Aston Martin
80%
Williams
78%

Score Distribution

Percentile by Number Answered

Percent of People with Each Score

Your Score History

You have not taken this quiz